Statistics for Top 50 Capitals by Population - In Order

Click here to take the quiz!

General Stats

  • This quiz has been taken 153 times
  • The average score is 23 of 49

Answer Stats

Capital% Correct
39,8TTokyo
99%
28,9JJakarta
98%
22,3MMexico City
89%
14,5LLondon
86%
24,8SSeoul
86%
24,1MManila
84%
20,7BBeijing
83%
17,1CCairo
83%
17,9DDhaka
81%
17,1MMoscow
81%
8,4WWashington D.C.
81%
11,3PParis
80%
17,4BBangkok
73%
16,0BBuenos Aires
69%
10,9KKinshasa
68%
14,0TTehran
64%
10,1LLima
56%
9,5BBogota
53%
6,3MMadrid
52%
4,6BBerlin
49%
4,8AAnkara
46%
9,1TTaipei
44%
7,5LLuanda
41%
5,4NNairobi
41%
6,8KKuala Lumpur
39%
3,6RRome
39%
7,2SSantiago
39%
6,9RRiyadh
37%
3,4HHanoi
36%
3,4KKiev
31%
7,0BBaghdad
30%
6,9SSingapore
30%
5,7KKhartoum
28%
3,5AAddis Ababa
27%
3,9BBrasilia
27%
4,7AAccra
24%
3,4AAthens
23%
3,7CCaracas
23%
3,7AAlgiers
17%
3,4DDakar
17%
3,8KKabul
17%
4,1CCape Town
16%
3,5DDamascus
16%
3,1GGuatemala City
16%
4,3KKuwait City
16%
3,1KKampala
14%
5,2AAmman
13%
3,8SSanto Domingo
9%
3,1BBamako
7%

Score Distribution

Percentile by Number Answered

Percent of People with Each Score

Your Score History

You have not taken this quiz